ბათუმის შოთა რუსთაველის სახელმწიფო უნივერსიტეტის ბიბლიოთეკა

მოთხრობები:აღმაფრენა/ რ. ბეჟაშვილი; ბრონისლავის სამშობლო/თ.ბუაჩიძე; მეგობრები/ა.ჩხაიძე და სხვ. (ბიბ.ჩანაწერი № 50357)

000 -LEADER
fixed length control field 00949nam a2200229Ia 4500
001 - CONTROL NUMBER
control field 17298
003 - CONTROL NUMBER IDENTIFIER
control field GE_BSU
008 - FIXED-LENGTH DATA ELEMENTS--GENERAL INFORMATION
fixed length control field 181216s||||||||xx |||||||||||||| ||und||
040 ## - CATALOGING SOURCE
Transcribing agency GE_BSU
080 ## - UNIVERSAL DECIMAL CLASSIFICATION NUMBER
Universal Decimal Classification number 821.353.1-32
245 ## - TITLE STATEMENT
Title მოთხრობები:აღმაფრენა/ რ. ბეჟაშვილი; ბრონისლავის სამშობლო/თ.ბუაჩიძე; მეგობრები/ა.ჩხაიძე და სხვ.
245 ## - TITLE STATEMENT
Statement of responsibility, etc. რედ.: გ.შატბერაშვილი;მხატ.:გ.გორდელაძე
260 ## - PUBLICATION, DISTRIBUTION, ETC.
Place of publication, distribution, etc. თბილისი
260 ## - PUBLICATION, DISTRIBUTION, ETC.
Name of publisher, distributor, etc. საბლიტგამი
260 ## - PUBLICATION, DISTRIBUTION, ETC.
Date of publication, distribution, etc. 1953
300 ## - PHYSICAL DESCRIPTION
Extent 462გვ.;21სმ.
653 ## - INDEX TERM--UNCONTROLLED
Uncontrolled term აღმაფრენა
653 ## - INDEX TERM--UNCONTROLLED
Uncontrolled term ბრონისლავის სამშობლო
653 ## - INDEX TERM--UNCONTROLLED
Uncontrolled term მეგობრები
653 ## - INDEX TERM--UNCONTROLLED
Uncontrolled term მოთხრობები
942 ## - ADDED ENTRY ELEMENTS (KOHA)
Koha item type წიგნი
ეგზემპლარები
Withdrawn status Lost status Damaged status Not for loan Date acquired Barcode Date last seen Price effective from Koha item type
        2018-12-17 41386 2018-12-17 2018-12-17 წიგნი
        2018-12-17 41385 2018-12-17 2018-12-17 წიგნი
        2018-12-17 41372 2018-12-17 2018-12-17 წიგნი
        2018-12-17 41384 2018-12-17 2018-12-17 წიგნი
        2018-12-17 41373 2018-12-17 2018-12-17 წიგნი